[Event "Online Olym Div2 E 2021"]
[Site "chess.com INT"]
[Date "2021.09.02"]
[Round "2.2"]
[Board "3"]
[White "Fierro Baquero, Martha L."]
[Black "Miller, Rachel"]
[Result "1-0"]
[WhiteTitle "IM"]
[BlackTitle "CM"]
[WhiteElo "2359"]
[BlackElo "2004"]
[WhiteTeam "Ecuador"]
[BlackTeam "Jamaica"]
[WhiteFideId "3600270"]
[BlackFideId "7401302"]
[EventDate "2021.09.02"]
[EventType "team"]

1. e4 e5 2. Nf3 Nc6 3. Bb5 a6 4. Ba4 d6 5. c3 Bd7 6. O-O g6 7. d3 Bg7 8. Bg5 Nf6
9. Nbd2 O-O 10. Re1 h6 11. Bh4 g5 12. Bg3 b5 13. Bc2 Nh5 14. Nxe5 Nxg3 15. Nxc6
Bxc6 16. hxg3 d5 17. d4 dxe4 18. Bxe4 Bxe4 19. Nxe4 Qd5 20. Qb3 Qf5 21. Re3 Kh7
22. Rae1 Qg6 23. Nc5 Qd6 24. Re7 Kg8 25. Nd7 Bf6 26. Nxf6+ Qxf6 27. Qd5 Rad8 28.
Qe5 Qxe5 29. R1xe5 c6 30. Ra7 Ra8 31. Ree7 a5 32. Rxf7 Rxa7 33. Rxa7 a4 34. Ra6
Rc8 35. Kf1 Kg7 36. Ke2 c5 37. Kd3 cxd4 38. cxd4 Rf8 39. f3 Rb8 40. Re6 Rb7 41.
d5 Rd7 42. Kd4 Rc7 43. Re2 Kf7 44. d6 Rc1 45. Kd5 b4 46. d7 b3 47. axb3 axb3 48.
Re8 Rd1+ 49. Kc6 1-0

[Event "Online Olym Div2 E 2021"]
[Site "chess.com INT"]
[Date "2021.09.02"]
[Round "2.2"]
[Board "4"]
[White "Clarke, Adani"]
[Black "Jaramillo, Samantha"]
[Result "1/2-1/2"]
[WhiteTitle "WCM"]
[WhiteElo "1811"]
[BlackElo "1742"]
[WhiteTeam "Jamaica"]
[BlackTeam "Ecuador"]
[WhiteFideId "7402082"]
[BlackFideId "3622410"]
[EventDate "2021.09.02"]
[EventType "team"]

1. d4 Nf6 2. c4 c5 3. d5 b5 4. b3 g6 5. Bb2 Bg7 6. Nd2 d6 7. e4 Nbd7 8. cxb5 a6
9. bxa6 Bxa6 10. Bxa6 Rxa6 11. Ne2 O-O 12. O-O Qa8 13. Nc3 Rb8 14. Qc2 Ne8 15.
Nc4 Nb6 16. Nxb6 Rbxb6 17. Na4 Rb7 18. Bxg7 Kxg7 19. Rfe1 Nc7 20. Nc3 Nb5 21.
Nxb5 Rxb5 22. h3 f6 23. Re3 Ra3 24. h4 Rba5 25. Re2 Qb7 26. Re3 Qa7 27. Re2 Qb7
28. Re3 Qa6 29. Re2 Rxb3 30. axb3 Rxa1+ 31. Kh2 Qa3 32. Qb2 Qa5 33. Qc2 Re1 34.
Rxe1 Qxe1 35. Kg3 h5 36. Kh2 Qb4 37. Kg3 Qd4 38. Kh2 f5 39. exf5 Qxh4+ 40. Kg1
Qd4 41. fxg6 Qa1+ 42. Kh2 Qe5+ 43. Kg1 Qxd5 44. Qe2 Qe5 45. Qc2 Qe1+ 46. Kh2
Qe5+ 47. Kg1 Qf6 48. Qe4 Qa1+ 49. Kh2 Qe5+ 50. Qxe5+ dxe5 51. Kg3 Kxg6 52. Kf3
Kf5 53. g3 e4+ 1/2-1/2

[Event "Online Olym Div2 E 2021"]
[Site "chess.com INT"]
[Date "2021.09.02"]
[Round "2.2"]
[Board "5"]
[White "Esmeraldas Huachi, Anderson"]
[Black "Glaves, Raheem"]
[Result "1/2-1/2"]
[BlackTitle "FM"]
[WhiteElo "1993"]
[BlackElo "2139"]
[WhiteTeam "Ecuador"]
[BlackTeam "Jamaica"]
[WhiteFideId "3616363"]
[BlackFideId "7402724"]
[EventDate "2021.09.02"]
[EventType "team"]

1. d4 Nf6 2. c4 e6 3. Nf3 d5 4. cxd5 exd5 5. Nc3 c6 6. Bf4 Bd6 7. Bxd6 Qxd6 8.
e3 O-O 9. Be2 Bf5 10. O-O Nbd7 11. a3 h6 12. Rc1 Rae8 13. Ne1 Bh7 14. Nd3 Ne4
15. b4 b5 16. a4 a6 17. axb5 axb5 18. Nxe4 Bxe4 19. Nc5 Nb6 20. Bd3 Bxd3 21.
Qxd3 f5 22. Ra1 Nc4 23. g3 h5 24. h4 Rxe3 25. fxe3 Qxg3+ 26. Kh1 Qh3+ 27. Kg1
Qg3+ 28. Kh1 Qh3+ 29. Kg1 Qg3+ 1/2-1/2

[Event "Online Olym Div2 E 2021"]
[Site "chess.com INT"]
[Date "2021.09.02"]
[Round "2.2"]
[Board "6"]
[White "Brown, Raehanna"]
[Black "Penafiel Mendoza, Josselyne"]
[Result "1/2-1/2"]
[WhiteTitle "WCM"]
[WhiteElo "1594"]
[BlackElo "1782"]
[WhiteTeam "Jamaica"]
[BlackTeam "Ecuador"]
[WhiteFideId "7402740"]
[BlackFideId "3617556"]
[EventDate "2021.09.02"]
[EventType "team"]

1. c4 Nf6 2. Nc3 g6 3. e4 d6 4. d4 Bg7 5. Nf3 O-O 6. Be2 e5 7. O-O exd4 8. Nxd4
Re8 9. f3 c6 10. Kh1 a5 11. Bg5 Qb6 12. Na4 Qc7 13. Rc1 Na6 14. Qd2 Nc5 15. Nc3
Bd7 16. b3 Ne6 17. Nxe6 Bxe6 18. Nd5 Bxd5 19. cxd5 c5 20. Bb5 Nd7 21. Bf4 Re7
22. a3 Qb6 23. a4 Rf8 24. Bg5 f6 25. Bh4 Qc7 26. Rce1 Ref7 27. Bg3 Re7 28. h3
Ne5 29. f4 Nf7 30. Qd3 Nh6 31. Kh2 Rd8 32. e5 fxe5 33. fxe5 Bxe5 34. Bxe5 dxe5
35. Kh1 Qd6 36. Bc4 Nf5 37. Rf3 e4 38. Rxe4 Rxe4 39. Qxe4 Ng3+ 40. Rxg3 Qxg3 41.
d6+ Kh8 42. d7 Qd6 43. Qe8+ Qf8 44. Qe5+ Qg7 45. Qe8+ Qf8 46. Qe5+ Qg7 47. Qe8+
Qf8 1/2-1/2

[Event "Online Olym Div2 E 2021"]
[Site "chess.com INT"]
[Date "2021.09.02"]
[Round "2.3"]
[Board "1"]
[White "Salinas Herrera, Pablo"]
[Black "Zambrana, Oswaldo"]
[Result "1-0"]
[WhiteTitle "GM"]
[BlackTitle "GM"]
[WhiteElo "2509"]
[BlackElo "2438"]
[WhiteTeam "Chile"]
[BlackTeam "Bolivia"]
[WhiteFideId "3407128"]
[BlackFideId "3300200"]
[EventDate "2021.09.02"]
[EventType "team"]

1. d4 Nf6 2. Nf3 e6 3. Bf4 d5 4. e3 Bd6 5. Nbd2 O-O 6. Bd3 c5 7. c3 Qc7 8. Bxd6
Qxd6 9. Ne5 Nc6 10. f4 b6 11. g4 Bb7 12. g5 Nd7 13. Qh5 g6 14. Qg4 cxd4 15. exd4
Ndxe5 16. fxe5 Nxe5 17. dxe5 Qxe5+ 18. Kd1 Qc7 19. Qg3 e5 20. Re1 Rae8 21. Nf3
d4 22. Nxd4 Re7 23. Nb5 Qd8 24. Kc2 a6 25. Na3 e4 26. Be2 b5 27. Rad1 Qb6 28.
Qd6 Qc7 29. Qxc7 Rxc7 30. Bf1 h6 31. Bg2 Re8 32. gxh6 Kh7 33. Rd6 f5 34. h4 Kxh6
35. Bh3 Re5 36. Rg1 Rg7 37. Kd2 f4 38. Bg4 Kh7 39. Nc2 Bd5 40. Nd4 e3+ 41. Ke1
Bxa2 42. h5 Bb1 43. hxg6+ Rxg6 44. Rd7+ Kg8 45. Ke2 Kf8 46. Nf3 Re7 47. Rd4 Rf7
48. Ne5 Rh6 1-0

[Event "Online Olym Div2 E 2021"]
[Site "chess.com INT"]
[Date "2021.09.02"]
[Round "2.3"]
[Board "2"]
[White "Gemy, Jose Daniel"]
[Black "Garcia Cardenas, Pablo"]
[Result "0-1"]
[WhiteTitle "IM"]
[BlackTitle "IM"]
[WhiteElo "2380"]
[BlackElo "2422"]
[WhiteTeam "Bolivia"]
[BlackTeam "Chile"]
[WhiteFideId "3301478"]
[BlackFideId "3406903"]
[EventDate "2021.09.02"]
[EventType "team"]

1. e4 e5 2. Nf3 Nc6 3. Bc4 Bc5 4. c3 Nf6 5. d4 exd4 6. b4 Be7 7. e5 Ne4 8. Qb3
O-O 9. cxd4 Bxb4+ 10. Kf1 d5 11. Bxd5 Na5 12. Qxb4 Qxd5 13. Nc3 Nxc3 14. Qxc3
Bg4 15. Be3 f6 16. Nd2 Rae8 17. exf6 Rxf6 18. Kg1 Bh3 19. f3 Rg6 20. g3 Rc6 21.
Qa3 Nc4 22. Nxc4 Qxf3 23. Qb2 Rxe3 24. Ne5 Rxe5 25. dxe5 Qe3+ 26. Qf2 Rc1+ 0-1

[Event "Online Olym Div2 E 2021"]
[Site "chess.com INT"]
[Date "2021.09.02"]
[Round "2.3"]
[Board "3"]
[White "Morales Flores, Monserrat"]
[Black "Cordero, Daniela"]
[Result "0-1"]
[WhiteTitle "WCM"]
[BlackTitle "WIM"]
[WhiteElo "1953"]
[BlackElo "2010"]
[WhiteTeam "Chile"]
[BlackTeam "Bolivia"]
[WhiteFideId "3412016"]
[BlackFideId "3301630"]
[EventDate "2021.09.02"]
[EventType "team"]

1. e4 e6 2. d4 d5 3. Nc3 Nf6 4. e5 Nfd7 5. f4 c5 6. Nf3 Nc6 7. Be3 Qb6 8. Na4
Qa5+ 9. c3 b6 10. a3 c4 11. b4 cxb3 12. Qxb3 Ba6 13. Bxa6 Qxa6 14. Nb2 Na5 15.
Qc2 Be7 16. Qe2 Qxe2+ 17. Kxe2 Rc8 18. Kd3 Nb3 19. Ra2 b5 20. Nd2 Na5 21. g4 Nb6
22. f5 Kd7 23. Rf1 Rc7 24. Raa1 Rhc8 25. Nd1 Na4 26. fxe6+ Kxe6 27. Nf3 Nxc3 28.
Bd2 Nxd1 29. Bxa5 Nb2+ 30. Ke2 Rc2+ 31. Ke1 Rc1+ 32. Ke2 R8c2+ 33. Bd2 Rxa1 34.
Rxa1 Nc4 35. Kd3 Rb2 36. Kc3 a5 37. Bc1 b4+ 38. Kd3 Rf2 39. Ng5+ Bxg5 40. Bxg5
Nxa3 41. Bc1 Nc4 42. h4 Rg2 43. g5 Rh2 44. Rb1 Rxh4 45. Rb3 Rh3+ 46. Kc2 0-1

[Event "Online Olym Div2 E 2021"]
[Site "chess.com INT"]
[Date "2021.09.02"]
[Round "2.3"]
[Board "4"]
[White "Monroy G., Nataly A."]
[Black "Reyes Jara, Paula"]
[Result "0-1"]
[WhiteTitle "WIM"]
[BlackTitle "WFM"]
[WhiteElo "1957"]
[BlackElo "1871"]
[WhiteTeam "Bolivia"]
[BlackTeam "Chile"]
[WhiteFideId "3304019"]
[BlackFideId "3403920"]
[EventDate "2021.09.02"]
[EventType "team"]

1. d4 Nf6 2. Nf3 g6 3. c4 Bg7 4. Nc3 c5 5. d5 d6 6. e4 e6 7. h3 exd5 8. cxd5 O-O
9. Bd3 Re8 10. O-O a6 11. a4 Nbd7 12. Bf4 Qc7 13. Bc2 Rb8 14. Re1 Nh5 15. Bh2
Ne5 16. g4 Nxf3+ 17. Qxf3 Nf6 18. Rad1 b5 19. axb5 axb5 20. e5 dxe5 21. d6 Qd7
22. Bxe5 Bb7 23. Qf4 Qc6 24. Qh2 Nxg4 25. hxg4 Bxe5 26. Rxe5 Rxe5 27. d7 Rd8 28.
f4 Re3 29. Nd5 Qe6 30. Nxe3 Qxe3+ 31. Kf1 Qf3+ 32. Qf2 Qxg4 33. f5 c4 34. Rd4
Qg5 35. fxg6 hxg6 36. Qg1 Qf6+ 37. Qf2 Qxf2+ 38. Kxf2 Bc6 39. Bd1 Kf8 40. Bg4 f5
41. Bf3 Rxd7 42. Rh4 Bxf3 43. Kxf3 Rd2 44. b3 c3 45. Ke3 Rb2 46. Rb4 Kf7 47.
Rxb5 Kf6 48. Kd3 c2 49. Kd2 g5 50. Kc1 Ra2 51. Rc5 g4 52. b4 g3 53. Rc6+ Kg5 54.
Rc8 Ra4 55. Rg8+ Kf4 56. b5 Rb4 57. Kxc2 Rxb5 58. Kd2 Re5 59. Kd3 Kf3 0-1

[Event "Online Olym Div2 E 2021"]
[Site "chess.com INT"]
[Date "2021.09.02"]
[Round "2.3"]
[Board "5"]
[White "Castellanos Villela, Alejandro"]
[Black "Vera, Pavel"]
[Result "0-1"]
[WhiteTitle "CM"]
[WhiteElo "2202"]
[BlackElo "2073"]
[WhiteTeam "Chile"]
[BlackTeam "Bolivia"]
[WhiteFideId "3446379"]
[BlackFideId "3304779"]
[EventDate "2021.09.02"]
[EventType "team"]

1. Nf3 Nf6 2. g3 g6 3. b3 Bg7 4. Bb2 O-O 5. Bg2 c5 6. c4 Nc6 7. O-O d6 8. d4
cxd4 9. Nxd4 Bd7 10. Nc3 Qa5 11. e3 a6 12. Qe2 Rac8 13. Rfd1 Bg4 14. f3 Bd7 15.
Nc2 Rfe8 16. e4 Nxe4 17. b4 Nxb4 18. fxe4 Nxc2 19. Qxc2 Rxc4 20. Rd3 Rec8 21.
Rc1 Qc5+ 22. Kh1 b5 23. a3 a5 24. Qe2 b4 25. Rd5 Qc7 26. Na2 Bxb2 27. Rxc4 Qxc4
28. Qxb2 b3 29. Rd1 bxa2 30. e5 Bc6 31. e6 Bxg2+ 32. Qxg2 Qc6 33. Qxc6 Rxc6 34.
Kg2 Rc2+ 35. Kh3 fxe6 36. Ra1 a4 37. g4 Kf7 38. Kg3 e5 39. h4 d5 40. Kf3 Rc3+
41. Ke2 Rxa3 42. Kf2 Ke6 43. Ke2 d4 44. Kf2 e4 45. Ke2 Ke5 46. Kf2 e3+ 47. Kf3
Kd5 48. g5 Kc4 49. Ke2 Kb3 50. h5 Kb2 51. hxg6 hxg6 52. Rd1 a1=Q 0-1

[Event "Online Olym Div2 E 2021"]
[Site "chess.com INT"]
[Date "2021.09.02"]
[Round "2.3"]
[Board "6"]
[White "Beltran Salvador, Milka"]
[Black "Sanchez Tobar, Francisca Valenti"]
[Result "1/2-1/2"]
[BlackTitle "WCM"]
[WhiteElo "1602"]
[BlackElo "1777"]
[WhiteTeam "Bolivia"]
[BlackTeam "Chile"]
[WhiteFideId "3310078"]
[BlackFideId "3431304"]
[EventDate "2021.09.02"]
[EventType "team"]

1. d4 Nf6 2. c4 d6 3. Nc3 e5 4. dxe5 dxe5 5. Qxd8+ Kxd8 6. Bg5 Be6 7. e3 c6 8.
Nf3 Nd7 9. Rd1 Kc7 10. a3 h6 11. Bh4 Bd6 12. Be2 Rhe8 13. O-O Nb6 14. Nd2 Nbd7
15. Nde4 Nxe4 16. Nxe4 Bf8 17. Bg3 f6 18. Rc1 Nc5 19. Nxc5 Bxc5 20. b4 Be7 21.
Rfd1 Rad8 22. f4 exf4 23. exf4 Kc8 24. Bh5 Rxd1+ 25. Rxd1 Rd8 26. Re1 Kd7 27.
Rd1+ Kc8 28. Re1 Kd7 29. c5 Bf5 30. Bf2 Bf8 31. Bf3 Kc8 32. g4 Bg6 33. f5 Bf7
34. Bg3 a5 35. Bg2 Rd3 36. Ra1 Bd5 37. Re1 Kd7 38. Ra1 Rd2 39. Bf2 Bxg2 40. Kxg2
a4 41. Kg1 Rd3 42. Kf1 Be7 43. Ke2 Rd5 44. Be3 Ke8 45. Kf2 Kf7 46. h3 Bf8 47.
Ra2 g6 48. fxg6+ Kxg6 49. Rd2 Rxd2+ 50. Bxd2 f5 51. Kf3 fxg4+ 52. hxg4 Bg7 53.
Bc1 Ba1 54. Ke4 Bf6 55. Kd3 Be5 56. Kc4 h5 57. gxh5+ Kxh5 58. b5 Kg4 59. bxc6
bxc6 60. Kb4 Bd4 61. Bh6 Kf5 62. Bf8 Ke6 63. Kxa4 Kd5 64. Kb4 Be3 65. a4 Bd2+
66. Kb3 Ba5 67. Bd6 Ke6 68. Kc4 Kd7 69. Kd4 Kc8 70. Ke5 Kb7 71. Ke6 Bb4 72. Kd7
Ba5 73. Bf8 Bb4 74. Be7 Ba5 75. Kd6 Bc7+ 76. Kd7 Ba5 77. Bd8 Bb4 78. Kd6 Bc3 79.
a5 Bb4 80. a6+ Kxa6 81. Kxc6 Bxc5 1/2-1/2

[Event "Online Olym Div2 E 2021"]
[Site "chess.com INT"]
[Date "2021.09.02"]
[Round "2.4"]
[Board "1"]
[White "Albornoz Cabrera, Carlos Daniel"]
[Black "Arias, Lemnys A."]
[Result "1-0"]
[WhiteTitle "GM"]
[BlackTitle "IM"]
[WhiteElo "2567"]
[BlackElo "2303"]
[WhiteTeam "Cuba"]
[BlackTeam "El Salvador"]
[WhiteFideId "3518736"]
[BlackFideId "6700284"]
[EventDate "2021.09.02"]
[EventType "team"]

1. Nf3 d5 2. d4 Nf6 3. c4 c6 4. Nc3 a6 5. c5 g6 6. Bf4 Bg7 7. h3 O-O 8. e3 Bf5
9. Be2 Ne4 10. O-O Nd7 11. Bh2 e5 12. Qb3 exd4 13. exd4 Re8 14. Rfe1 Ng5 15.
Qxb7 Nxf3+ 16. Bxf3 Bxd4 17. Qxc6 Nxc5 18. Nxd5 Rxe1+ 19. Rxe1 Rc8 20. Ne7+ Qxe7
21. Qxc8+ Bxc8 22. Rxe7 Be6 23. b3 Nd3 24. Re8+ Kg7 25. Rd8 1-0

[Event "Online Olym Div2 E 2021"]
[Site "chess.com INT"]
[Date "2021.09.02"]
[Round "2.4"]
[Board "2"]
[White "Guevara Sanchez, Erick Marvin"]
[Black "Martinez Duany, Lelys Stanley"]
[Result "0-1"]
[WhiteTitle "FM"]
[BlackTitle "GM"]
[WhiteElo "2173"]
[BlackElo "2520"]
[WhiteTeam "El Salvador"]
[BlackTeam "Cuba"]
[WhiteFideId "6700136"]
[BlackFideId "3504727"]
[EventDate "2021.09.02"]
[EventType "team"]

1. d4 Nf6 2. Nc3 d5 3. Bg5 Nbd7 4. Nf3 h6 5. Bh4 c6 6. Qd3 Qa5 7. Nd2 e6 8. f3
Bb4 9. e4 O-O 10. e5 Nh7 11. f4 c5 12. Bf2 cxd4 13. Bxd4 Nc5 14. Qe3 Bd7 15. Be2
Rfc8 16. O-O Na4 17. Nb3 Qd8 18. Nxa4 Bxa4 19. c3 Be7 20. Bxa7 Rxa7 21. Qxa7
Bxb3 22. axb3 Bc5+ 23. Qxc5 Rxc5 24. b4 Rc8 25. Rad1 Nf8 26. g3 Ra8 27. Kg2 Qb6
28. Rd4 Ng6 29. Bf3 Ne7 30. g4 g5 0-1

[Event "Online Olym Div2 E 2021"]
[Site "chess.com INT"]
[Date "2021.09.02"]
[Round "2.4"]
[Board "3"]
[White "Forgas Moreno, Yaniela"]
[Black "Zavala Galindo, Alejandra Beatri"]
[Result "1-0"]
[WhiteTitle "WIM"]
[WhiteElo "2310"]
[BlackElo "1740"]
[WhiteTeam "Cuba"]
[BlackTeam "El Salvador"]
[WhiteFideId "3508072"]
[BlackFideId "6703089"]
[EventDate "2021.09.02"]
[EventType "team"]

1. e4 c5 2. Nc3 a6 3. g3 b5 4. Bg2 Bb7 5. d3 e6 6. Be3 Nf6 7. h3 d5 8. e5 Nfd7
9. f4 Nc6 10. Nce2 g6 11. Nf3 Qc7 12. c3 b4 13. c4 dxc4 14. dxc4 Nb6 15. Qc2
O-O-O 16. O-O h5 17. a3 Be7 18. h4 a5 19. b3 Rd7 20. Nd2 Rhd8 21. Ne4 Nd4 22.
Qb2 Nxe2+ 23. Qxe2 Rd3 24. axb4 axb4 25. Ra7 Qb8 26. Nd6+ 1-0

[Event "Online Olym Div2 E 2021"]
[Site "chess.com INT"]
[Date "2021.09.02"]
[Round "2.4"]
[Board "4"]
[White "Herrera, Marjorie"]
[Black "Miranda Llanes, Yerisbel"]
[Result "0-1"]
[WhiteTitle "WCM"]
[BlackTitle "WIM"]
[WhiteElo "1848"]
[BlackElo "2259"]
[WhiteTeam "El Salvador"]
[BlackTeam "Cuba"]
[WhiteFideId "6704743"]
[BlackFideId "3507700"]
[EventDate "2021.09.02"]
[EventType "team"]

1. e4 e5 2. Nf3 Nc6 3. Bc4 Bc5 4. c3 Nf6 5. d3 d6 6. b4 Bb6 7. a4 a5 8. b5 Ne7
9. Nbd2 Ng6 10. O-O O-O 11. Bb3 d5 12. Re1 Ng4 13. Rf1 Be6 14. exd5 Bxd5 15. Nc4
Bxc4 16. Bxc4 e4 17. Ng5 N6e5 18. Nxe4 Nxc4 19. Qxg4 f5 20. Nf6+ Qxf6 21. Qxc4+
Kh8 22. Ba3 Rfe8 23. d4 f4 24. Qd3 c6 25. bxc6 bxc6 26. Rab1 Bc7 27. Qf3 Qe6 28.
h3 Qc4 29. Rb7 Rac8 30. Qd1 Qxc3 31. Bc5 Qc4 32. Qh5 Qd5 33. Rxc7 Qxh5 34. Rxc8
Rxc8 35. Rb1 f3 0-1

[Event "Online Olym Div2 E 2021"]
[Site "chess.com INT"]
[Date "2021.09.02"]
[Round "2.4"]
[Board "5"]
[White "Alvarez Calzadilla, Jose Avelino"]
[Black "Perez Salazar, Armando"]
[Result "1-0"]
[WhiteTitle "FM"]
[WhiteElo "2287"]
[BlackElo "1932"]
[WhiteTeam "Cuba"]
[BlackTeam "El Salvador"]
[WhiteFideId "3526151"]
[BlackFideId "6705260"]
[EventDate "2021.09.02"]
[EventType "team"]

1. e4 c5 2. Nf3 Nc6 3. Bb5 Nd4 4. Nxd4 cxd4 5. O-O g6 6. d3 Bg7 7. Nd2 a6 8. Bc4
d6 9. f4 Nf6 10. Nf3 d5 11. exd5 Nxd5 12. Ne5 O-O 13. Qf3 Nc7 14. Bd2 b5 15. Bb3
Be6 16. Rfe1 Bd5 17. Bxd5 Qxd5 18. Nc6 Qxf3 19. Nxe7+ Kh8 20. gxf3 Rfe8 21. f5
Bf6 22. Bf4 Bxe7 23. Bxc7 Bg5 24. Be5+ Rxe5 25. Rxe5 Rc8 26. fxg6 Be3+ 27. Rxe3
dxe3 28. gxf7 Kg7 29. c3 Kxf7 30. Kf1 Kf6 31. Ke2 Re8 32. a4 b4 33. cxb4 Kf5 34.
Rc1 1-0

[Event "Online Olym Div2 E 2021"]
[Site "chess.com INT"]
[Date "2021.09.02"]
[Round "2.4"]
[Board "6"]
[White "Vasquez Vasquez, Marielos"]
[Black "Hernandez Gil, Ineymig"]
[Result "0-1"]
[WhiteTitle "WCM"]
[BlackTitle "WFM"]
[WhiteElo "1498"]
[BlackElo "2348"]
[WhiteTeam "El Salvador"]
[BlackTeam "Cuba"]
[WhiteFideId "6705723"]
[BlackFideId "3526216"]
[EventDate "2021.09.02"]
[EventType "team"]

1. c4 c6 2. d4 d5 3. Nf3 Nf6 4. Nc3 dxc4 5. e3 b5 6. a4 b4 7. Na2 e6 8. Bxc4 c5
9. O-O Bb7 10. Bd2 a5 11. Rc1 Nbd7 12. Bb5 cxd4 13. exd4 Bd6 14. Ne5 O-O 15. Bf4
Bxe5 16. dxe5 Nd5 17. Bg3 Qe7 18. Rc4 Rac8 19. Qd3 Rxc4 20. Qxc4 Rc8 21. Qd3 Nc5
22. Qd4 Nb3 23. Qd3 Nc5 24. Qd4 Qg5 25. f4 Qe7 26. Rc1 h6 27. Bf2 Nd7 28. Rxc8+
Bxc8 29. Nc1 Bb7 30. Nb3 Qd8 31. Qa7 Qc7 32. h3 Nxf4 33. Nxa5 Qc1+ 34. Kh2 Bxg2
35. Kg3 Nxe5 36. Qb8+ Kh7 37. Qxe5 Qh1 38. Bd3+ Nxd3 0-1

[Event "Online Olym Div2 E 2021"]
[Site "chess.com INT"]
[Date "2021.09.02"]
[Round "2.5"]
[Board "1"]
[White "Benitez Galeano, Alejandro"]
[Black "Valdes Romero, Leonardo"]
[Result "1/2-1/2"]
[WhiteTitle "FM"]
[BlackTitle "IM"]
[WhiteElo "2201"]
[BlackElo "2402"]
[WhiteTeam "Paraguay"]
[BlackTeam "Costa Rica"]
[WhiteFideId "3703568"]
[BlackFideId "6500331"]
[EventDate "2021.09.02"]
[EventType "team"]

1. Nf3 Nf6 2. c4 g6 3. g3 Bg7 4. Bg2 O-O 5. O-O c5 6. Nc3 Nc6 7. d4 cxd4 8. Nxd4
d6 9. Bg5 Bd7 10. Rc1 Qa5 11. Nf3 Rfc8 12. Qd2 Be6 13. b3 Rab8 14. Rfd1 a6 15.
a4 h5 16. h3 Nd7 17. Nd5 Qxd2 18. Rxd2 Kf8 19. Nf4 Nc5 20. Nxe6+ Nxe6 21. Be3
Na5 22. Rb1 b5 23. axb5 axb5 24. Ra2 Nc6 25. cxb5 Rxb5 26. Rc2 Nc5 27. Nd2 Nb4
28. Rc4 Rcb8 29. Rbc1 Nba6 30. R1c2 Kg8 31. Ra2 Nb4 32. Ra7 Bf8 33. Bxc5 dxc5
34. Ne4 Nc6 35. Rc7 Nd4 36. e3 Nxb3 37. Nxc5 Nxc5 38. R4xc5 Rb1+ 39. Kh2 e6 40.
Rc2 h4 41. Rc8 hxg3+ 42. Kxg3 Kg7 43. Rxb8 Rxb8 44. Bf3 Rb1 45. Kg2 Kf6 46. Ra2
Rc1 47. Be4 Rc4 48. Bd3 Rc3 49. Be4 Rc4 50. Bd3 Rc3 51. Be4 Rc4 1/2-1/2

[Event "Online Olym Div2 E 2021"]
[Site "chess.com INT"]
[Date "2021.09.02"]
[Round "2.5"]
[Board "2"]
[White "Duran Vega, Sergio"]
[Black "Heinechen, Juan"]
[Result "0-1"]
[WhiteTitle "IM"]
[WhiteElo "2340"]
[BlackElo "2146"]
[WhiteTeam "Costa Rica"]
[BlackTeam "Paraguay"]
[WhiteFideId "6501311"]
[BlackFideId "3701018"]
[EventDate "2021.09.02"]
[EventType "team"]

1. d4 Nf6 2. c4 e6 3. Nf3 d5 4. Nc3 dxc4 5. e4 Bb4 6. Bg5 b5 7. a4 Bb7 8. e5 h6
9. Bh4 g5 10. Nxg5 hxg5 11. Bxg5 Nbd7 12. axb5 Rg8 13. Bxf6 Nxf6 14. exf6 Qxf6
15. Qa4 Bd6 16. Qxc4 Rg4 17. Ne2 e5 18. f3 Rh4 19. dxe5 Bxe5 20. Qc2 Bxb2 21.
Rd1 Be5 22. Qd3 Bd6 23. Qe3+ Kf8 24. Kf2 Rh5 25. g3 Rxb5 26. Qd3 Rf5 27. Bg2
Bc5+ 28. Ke1 Re8 29. Rf1 Ba6 0-1

[Event "Online Olym Div2 E 2021"]
[Site "chess.com INT"]
[Date "2021.09.02"]
[Round "2.5"]
[Board "3"]
[White "Perez Rodriguez, Jennifer"]
[Black "Hernandez Alvarez, Tania Regla"]
[Result "1-0"]
[WhiteTitle "WIM"]
[BlackTitle "WIM"]
[WhiteElo "2251"]
[BlackElo "2041"]
[WhiteTeam "Paraguay"]
[BlackTeam "Costa Rica"]
[WhiteFideId "3507831"]
[BlackFideId "3501442"]
[EventDate "2021.09.02"]
[EventType "team"]

1. e4 d6 2. d4 Nf6 3. Nc3 Nbd7 4. Nf3 e5 5. dxe5 dxe5 6. Bc4 Be7 7. O-O h6 8.
Re1 c6 9. a3 Qc7 10. h3 Nf8 11. Nh4 g6 12. Qe2 Ne6 13. Nf3 g5 14. Nh2 Nd4 15.
Qd1 Rg8 16. Ne2 Bc5 17. Nxd4 Bxd4 18. c3 Bc5 19. Be3 Nxe4 20. Bxc5 Nxc5 21. b4
Be6 22. Bxe6 Nxe6 23. Ng4 Rg6 24. Nxe5 Rf6 25. Ng4 Rg6 26. Qd3 Rd8 27. Qf5 Qf4
28. Qxf4 gxf4 29. Ne5 Rg5 30. Nf3 Rgd5 31. Nd4 Ke7 32. Re4 f5 33. Rxe6+ Kf7 34.
Rae1 1-0

[Event "Online Olym Div2 E 2021"]
[Site "chess.com INT"]
[Date "2021.09.02"]
[Round "2.5"]
[Board "4"]
[White "Salazar Gould, Melanie"]
[Black "Vargas, Gabriela"]
[Result "0-1"]
[WhiteTitle "CM"]
[BlackTitle "WIM"]
[WhiteElo "1900"]
[BlackElo "2152"]
[WhiteTeam "Costa Rica"]
[BlackTeam "Paraguay"]
[WhiteFideId "6505090"]
[BlackFideId "3700860"]
[EventDate "2021.09.02"]
[EventType "team"]

1. e4 e6 2. d3 d5 3. Nd2 Nf6 4. Ngf3 b6 5. g3 dxe4 6. dxe4 Bb7 7. Bd3 Nbd7 8.
Qe2 a6 9. e5 Nd5 10. a3 Nc5 11. Ne4 Nxd3+ 12. cxd3 Be7 13. O-O h6 14. Be3 Qd7
15. Rac1 c5 16. Rfd1 Rd8 17. Ne1 O-O 18. Ng2 f5 19. exf6 Nxf6 20. Nf4 Kh7 21.
Nxf6+ Bxf6 22. Qh5 Qc6 23. Qg6+ Kg8 24. Kf1 Qh1+ 25. Ke2 Bf3+ 26. Kd2 Bxd1 27.
Rxd1 Qc6 28. Nh5 Qe8 29. Qg4 Rd5 30. Nf4 Rd6 31. Ng6 Rf7 32. Ke1 Bd4 33. Bf4 e5
34. Bxh6 Bxf2+ 35. Kd2 Rff6 36. Qc4+ Qe6 37. Ne7+ Kf7 38. Qxe6+ Kxe6 39. Bxg7
Kxe7 40. Bxf6+ Rxf6 41. Ke2 Bd4 42. Kd2 Rf2+ 43. Kc1 Bxb2+ 44. Kb1 Rxh2 45. Rg1
Bxa3 46. g4 Kf6 47. g5+ Kg6 48. Ka1 Bb2+ 49. Kb1 a5 50. Rg4 Bd4 0-1